| 000 | 00957nam a22003257a 4500 | ||
|---|---|---|---|
| 001 | BR7503563 | ||
| 003 | BR-BrBNA | ||
| 005 | 20230928084818.0 | ||
| 007 | ta | ||
| 008 | 230509b bl.||||| |||| 00| 0 por d | ||
| 040 |
_aBR-BrBNA _bpor _cBiblioteca Nacional de Agricultura |
||
| 041 | _a(Por) | ||
| 072 |
_aE10; E70; F00 _b2760 _b/G514 |
||
| 090 | _ 2760 BR7503563 | ||
| 100 | 1 | _aBorba, S.F.C. | |
| 110 | 1 |
_aUniversidade Federal da Bahia, Salvador (Brasil) _0Tese (Mestrado em Ciencias Humanas) _910725 |
|
| 245 | 1 | _aIndustrializacao e exportacao de fumo na Bahia - 1870-1930 [Brasil] | |
| 260 | 3 |
_aSalvador, BA (Brasil): _c1975. |
|
| 300 | _a164 p. | ||
| 500 | _aBibliography p. 143-159 (150 ref.); 48 tables; 16 illus. | ||
| 650 | _aFUMO | ||
| 650 | _aINDUSTRIALIZACAO | ||
| 650 | _aEXPORTACAO | ||
| 650 | _aPRECO | ||
| 650 | _aCONSUMO | ||
| 650 | _aLAVOURA | ||
| 650 | _aBAHIA | ||
| 909 |
_a202309 _bLucia _c55 _dLucia Elande |
||
| 942 | _cBK | ||
| 999 |
_c21231 _d21231 |
||